Urstand, Fall und Erbsünde: von d. Schrift bis Augustinus

Saved in:  
Bibliographic Details
Main Author: Scheffczyk, Leo 1920-2005 (Author)
Format: Print Book
Language:German
Subito Delivery Service: Order now.
Check availability: HBZ Gateway
WorldCat: WorldCat
Interlibrary Loan:Interlibrary Loan for the Fachinformationsdienste (Specialized Information Services in Germany)
Published: Freiburg/Breisgau [u.a.] Herder 1981
In:Year: 1981
Series/Journal:Der trinitarische Gott, die Schöpfung, die Sünde Fasz. 2,3,1
Handbuch der Dogmengeschichte Bd. 2,3,1,1
Further subjects:B Theological Anthropology Christianity History of doctrines Early church, ca. 30-600
B Sin, Original History of doctrines Early church, ca. 30-600
B Fall of man History of doctrines Early church, ca. 30-600
Online Access: Table of Contents
Sammlungen:

MARC

LEADER 00000cam a22000002c 4500
001 075357550
003 DE-627
005 20251219215455.0
007 tu
008 020501s1981 gw ||||| 00| ||ger c
020 |a 3451007371  |9 3-451-00737-1 
035 |a (DE-627)075357550 
035 |a (DE-576)9075357559 
035 |a (DE-599)GBV075357550 
035 |a (OCoLC)8262915 
040 |a DE-627  |b ger  |c DE-627  |e rakwb 
041 |a ger 
044 |c XA-DE 
050 0 |a BT21.2 
050 0 |a BT701.2 
082 0 |a 230.09 
082 0 |a 233.1409015 
082 0 |a 230/.09  |q OCLC 
082 0 |a 233/.14/09015  |q OCLC 
084 |a 1  |2 ssgn 
100 1 |8 1\p  |0 (DE-588)118754254  |0 (DE-627)079534465  |0 (DE-576)16289158X  |4 aut  |a Scheffczyk, Leo  |d 1920-2005 
109 |a Scheffczyk, Leo 1920-2005 
245 1 0 |a Urstand, Fall und Erbsünde  |b von d. Schrift bis Augustinus 
264 1 |a Freiburg/Breisgau [u.a.]  |b Herder  |c 1981 
300 |a VI, 239 S 
336 |a Text  |b txt  |2 rdacontent 
337 |a ohne Hilfsmittel zu benutzen  |b n  |2 rdamedia 
338 |a Band  |b nc  |2 rdacarrier 
490 0 |a Der trinitarische Gott, die Schöpfung, die Sünde  |v Fasz. 2,3,1 
490 0 |a Handbuch der Dogmengeschichte  |v Bd. 2,3,1,1 
583 1 |a Archivierung prüfen  |c 20240324  |f DE-4165  |z 1  |2 pdager 
601 |a Urstand 
601 |a Erbsünde 
601 |a Schrift 
601 |a Augustinus 
650 0 |a Theological Anthropology  |x Christianity  |x History of doctrines  |x Early church, ca. 30-600 
650 0 |a Fall of man  |x History of doctrines  |x Early church, ca. 30-600 
650 0 |a Sin, Original  |x History of doctrines  |x Early church, ca. 30-600 
856 4 2 |u http://www.gbv.de/dms/hebis-mainz/toc/031424961.pdf  |m V:DE-603  |m B:DE-77  |q pdf/application  |x Verlag  |y Inhaltsverzeichnis  |3 Inhaltsverzeichnis  |7 1 
883 |8 1\p  |a cgwrk  |d 20241001  |q DE-101  |u https://d-nb.info/provenance/plan#cgwrk 
935 |a RFBW  |a mteo 
951 |a BO 
ELC |b 1 
LOK |0 000 xxxxxcx a22 zn 4500 
LOK |0 001 4488377793 
LOK |0 003 DE-627 
LOK |0 004 075357550 
LOK |0 005 20240306113121 
LOK |0 008 240220||||||||||||||||ger||||||| 
LOK |0 040   |a DE-Tue135  |c DE-627  |d DE-Tue135 
LOK |0 092   |o n 
LOK |0 852   |a DE-Tue135 
LOK |0 852 1  |9 00 
LOK |0 866   |x SPQUE#Reformationsgeschichtliche Forschungsbibliothek Wittenberg#SPSAM#Predigerseminar#SPUSM#Wolfgang Trillhaas 
LOK |0 935   |a RFBW  |a bips  |a pswt 
LOK |0 939   |a 20-02-24  |b l01 
ORI |a SA-MARC-ixtheoa001.raw